Multiple Choice City Quiz – Seattle - Statistics

General Stats
  • This quiz has been taken 12,036 times
    12,019 since last reset
  • The average score is 7 of 10
Answer Stats
Question Answer % Correct
What Seattle landmark was built for the 1962 World's Fair? The Space Needle
92%
What genre of music is Seattle most well known for? Grunge
87%
What weather phenomenon is Seattle known for? Rain
86%
On what body of water is Seattle located? Puget Sound
82%
What's the tallest mountain you can see from Seattle? Mt. Rainier
75%
What gets thrown at Pike Place market? Fish
72%
Which of these companies is NOT based in the Seattle area? Nike
68%
What happened in 2020 that gained Seattle international notoriety? Protesters set up a police-free "autonomous zone"
66%
Which of these movies and TV shows did NOT take place in Seattle? Mrs. Doubtfire
59%
What 2023 film told the story of the University of Washington crew team that won the gold medal at the 1936 Olympics? The Boys in the Boat
59%
No matching quizzes found
Score Distribution
Percent of People with Each Score
Percentile by Number Answered
Your Score History
You have not taken this quiz since the last reset